Colombia-Ecuador: cercanos y distantes
Guardat en:
| Autors principals: | , |
|---|---|
| Format: | Llibre |
| Idioma: | espanyol |
| Publicat: |
Bogotá
Universidad Nacional de Colombia
2007
|
| Edició: | 1a. ed |
| Matèries: | |
| Etiquetes: |
Afegir etiqueta
Sense etiquetes, Sigues el primer a etiquetar aquest registre!
|
MARC
| LEADER | 00000nam a2200000 a 4500 | ||
|---|---|---|---|
| 001 | UCH2084 | ||
| 003 | CL-VaPUC | ||
| 008 | 090528e20070000CK |||||||||||||||||spa|d | ||
| 020 | |a 9789587018004 | ||
| 082 | 0 | 4 | |a 327.8610866 |b RAM |2 21 |
| 100 | 0 | |a Ramírez Vargas, Luz del Socorro |e author |9 536731 | |
| 700 | 0 | |a Montúfar, César |e author |9 536732 | |
| 245 | 1 | 0 | |a Colombia-Ecuador: cercanos y distantes |
| 250 | |a 1a. ed | ||
| 300 | |a 375 p | ||
| 942 | |c BK | ||
| 945 | |d 20090528 00:00:00 |a rbrito | ||
| 260 | |a Bogotá |b Universidad Nacional de Colombia |c 2007 | ||
| 650 | 0 | |a Relaciones Internacionales |9 255740 | |
| 650 | 0 | |a Cooperación internacional |9 255447 | |
| 650 | 0 | |a Integración |9 316470 | |
| 650 | 0 | |a Relaciones Exteriores |9 255379 | |
| 651 | 0 | |a Colombia |9 256424 | |
| 651 | 0 | |a Ecuador |9 258378 | |
| 583 | |a last modification |c 20090528 00:00:00 |k Rodrigo Vera | ||
| 999 | |c 333919 |d 333917 | ||
| 952 | |0 0 |1 0 |4 0 |6 327_861086600000000_RAM_2007 |7 0 |8 A |9 422586 |a BIBHIS |b BIBHIS |d 2019-11-22 |i 4553055 |o 327.8610866 RAM 2007 |p 4553055 |r 2025-01-20 |w 2019-11-22 |y BK |k HIS | ||